Co to za owoc? - Statystyki

Ogólne statystyki
  • Ten quiz został rozwiązany 835 razy
  • Średni wynik to 16 z 24
Statystyki odpowiedzi
Obrazkowy Odpowiedź % Poprawnych
Banan
100%
Truskawka
99%
Kiwi
97%
Jabłko
95%
Arbuz
90%
Cytryna
90%
Kokos
90%
Gruszka
88%
Śliwka
88%
Pomarańcza
87%
Wiśnia
85%
Winogrono
83%
Awokado
80%
Brzoskwinia
74%
Smoczy owoc
68%
Granat
62%
Jeżyna
49%
Nektarynka
42%
Morela
40%
Figa
38%
Pigwa
24%
Durian
23%
Karambola
18%
Papaja
8%
Nie znaleziono quizów pasujących do podanych kryteriów
Rozkład punktacji
Procent ludzi z każdym wynikiem
Percentyl według liczby udzielonych odpowiedzi
Twoja historia wyników
Nie rozwiązałeś tego quizu